000 01008nam a22002537 4500
999 _c1545
_d1545
003 AR-BaISA
005 20231215154709.0
007 ta
008 231215s1997 xxuado|| |||| 001 0 eng d
020 _a7556423616
040 _bspa
_cAR-BaISA
082 0 4 _222
_a615.851 5 Ch982
245 0 0 _aOccupational therapy:
_benabling function and well-being /
_cedited by Charles H. Christiansen, Carolyn M. Baum
250 _a2ª ed.
260 _a[New Jersey]:
_bSLACK,
_cc1997
300 _aXX, 622 p.:
_bil., fotos, gráfs., tablas
504 _aBibliografía al final de cada capítulo.
504 _aÍndice analítico p.: 609-622.
505 _tContext and decisions for practice --
_tIntrinsic psychological and biological factors --
_tExtrinsic social and cultural factors --
_tInterventions: achieving function and well-being through occupation
650 1 0 _93256
_aTerapia ocupacional
700 1 _93262
_aChristiansen, Charles H.
_eed.
700 1 _93264
_aBaum, Carolyn M.
_eed.
942 _2ddc
_cLI
_e22